| 000 | 00000nam##2200000za#4500 |
| 001 | 9.615471 |
| 003 | CaOODSP |
| 005 | 20200706133953 |
| 007 | ta |
| 008 | 150406|2001||||xxc||||| f|0| 0 eng|d |
| 020 | |a0-660-18449-4 |
| 022 | |a1200-5223 |
| 040 | |aCaOODSP|beng |
| 043 | |an-cn--- |
| 086 | 1 |aCS11-0019/166E |
| 245 | 03|aAn assessment of EI and SA reporting in SLID / |cby Constantine Kapsalis. |
| 260 | |aOttawa - Ontario : |bStatistics Canada. |c2001. |
| 300 | |a29p. : |bgraphs, references, tables ; |c28 cm. |
| 490 | 1 |aResearch paper series|x1200-5223|vNo. 166 |
| 500 | |a"This study assesses two potential problems with respect to the reporting of Employment Insurance (EI) and Social Assistance (SA) benefits in the Survey of Labour and Income Dynamics (SLID): (a) under-reporting of the monthly number of beneficiaries; and (b) a tendency to incorrectly report receiving benefits throughout the year, while in fact benefits may have been received only in certain months, leading to artificial spikes in the January starts and December terminations of benefit spells (seam effect)."--Abstract. |
| 520 | 3 |aThis study assesses two potential problems with respect to the reporting of Employment Insurance (EI) and Social Assistance (SA) benefits in the Survey of Labour and Income Dynamics (SLID): (a) under-reporting of the monthly number of beneficiaries; and (b) a tendency to incorrectly report receiving benefits throughout the year, while in fact benefits may have been received only in certain months, leading to artificial spikes in the January starts and December terminations of benefit spells (seam effect).--Abstract |
| 563 | |aSoftcover |
| 590 | |a01-46|b2001-11-16 |
| 710 | 2 |aStatistics Canada. |bAnalytical Studies Branch. |
| 720 | 1 |aKapsalis, Constantine |
| 776 | 0#|tAn assessment of EI and SA reporting in SLID / |w(CaOODSP)9.557606 |
| 830 | #0|aResearch paper series,|x1200-5223|vNo. 166|w(CaOODSP)9.514463 |